000 00757cam a22002654a 4500
008
020 _a9780761969945 (pbk.)
049 _aMAIN
090 0 _aBF637.C6
_bCUL
100 1 _aCulley, Sue.
245 1 0 _aIntegrative counselling skills in action /
_cSue Culley and Tim Bond.
250 _a2nd ed.
260 _aLondon :
_bSage Publications,
_c2004.
300 _av, 212 p. ;
_c21 cm.
440 0 _aSage counselling in action
500 _aIncludes index.
504 _aIncludes bibliographical references.
650 0 _aCounseling.
700 1 _aBond, Tim.
907 _a.b10268819
_b03-06-13
_c08-10-09
003
005 20230123124955.0
040 _cNUST
942 _cBOOKS
_kBF637.C6
_mCUL
999 _c133497
_d133497